000 00402nam a2200157Ia 4500
008 230917s9999||||xx |||||||||||||| ||und||
040 _e124739
_aMAIN
041 _aEnglish
082 _a910.13337 A56E
100 _aAnjaneyulu, Y
245 0 _aEnvironmental impact assessment methodologies
250 _a2nd ed.
260 _aHyderabad
_bB S Publications
_c2002
300 _a428 p.
942 _cBK
999 _c135355
_d135355